000
00284nam a22001337a 4500
008
171027b xxu||||| |||| 00| 0 eng d
020
_a
9951000525
041
_a
alb
080
_a
311
100
_a
55
101
_a
STA
245
_a
BAZAT E STATISTIKËS
_c
NUHIU,R
942
_2
udc
_c
BK
999
_c
36007
_d
36007